Cohesión social: inclusión y sentido de pertenencia en América Latina y el Caribe

Saved in:
Bibliographic Details
Format: Book
Language:Spanish
Published: Santiago CEPAL 2007
Series:Síntesis
Subjects:
Tags: Add Tag
No Tags, Be the first to tag this record!

MARC

LEADER 00000nam a2200000 a 4500
001 UCI4341
003 CL-VaPUC
008 080111e20070000CL |||||||||||||||||spa|d
082 0 4 |a 306.85  |b COH  |2 21 
245 1 0 |a Cohesión social: inclusión y sentido de pertenencia en América Latina y el Caribe 
300 |a 89 p 
942 |c BK 
945 |d 20080111 00:00:00  |a jtorresc 
260 |a Santiago  |b CEPAL  |c 2007 
650 0 |a Integración social  |9 319662 
650 0 |a Pobreza  |9 258652 
650 0 |a Desarrollo humano  |9 349614 
650 7 |a INDICADORES DE DESARROLLO  |2 CL-VaPUC  |9 526179 
650 7 |a PARTICIPACION POPULAR  |2 CL-VaPUC  |9 526180 
650 0 |a Igualdad de oportunidades  |9 331873 
650 0 |a Bienestar social   |9 255298 
650 0 |a Finanzas públicas   |9 358992 
651 0 |a América Latina   |9 255027 
651 7 |a ISLAS CARIBES  |2 CL-VaPUC  |9 255533 
583 |a last modification  |c 20080111 00:00:00  |k Rodrigo Vera 
490 0 |a Síntesis 
999 |c 328295  |d 328293 
952 |0 0  |1 0  |4 0  |6 306_850000000000000_COH_2007  |7 0  |8 A  |9 412133  |a BIBGIM  |b BIBGIM  |d 2019-11-22  |i 4399765  |o 306.85 COH 2007  |p 4399765  |r 2025-01-15  |w 2019-11-22  |y BK  |k GIM